00447nam a22001457a 450000500170000000800410001704100130005808200140007110000260008524500480011125000230015926000610018230000330024365000250027620231106082533.0231106b |||||||| |||| 00| 0 eng d aEnglish  a346.6 BUC aLindon, JB lEnglish  aBuckley on the Companies Acts / cJB Lindon aThirteenth Edition aLondon : bButterworth and Company Publishers Ltd,c1957 bccxxx, 1230 pages ; c26 cm. aLegal practice bLaw